| 000 | 00512nam a2200193 4500 | ||
|---|---|---|---|
| 003 | SEACOMMC | ||
| 005 | 20231010083553.0 | ||
| 008 | 231010b |||||||| |||| 00| 0 eng d | ||
| 020 | _cRs. 340.00 | ||
| 040 | _aSEACOMMC | ||
| 082 |
_a620.106 _bGAR |
||
| 100 | 1 | _aGarde, R.J. | |
| 245 | 1 |
_aEngineering fluid Mechanics _cR.J. Garde and A.G. Mirajgaoker |
|
| 260 |
_aChennai _bScitech _c2005 |
||
| 650 | _aEngineering | ||
| 650 | _aEngineering mechanics and materials | ||
| 700 | 1 | _aMirajgaoker, A.G. | |
| 942 | _cBOOK | ||
| 999 |
_c74 _d74 |
||